Click the Country - Map Quiz - Statistics

General Stats
  • This quiz has been taken 14 times
  • The average score is 44 of 196
Answers on the Map
Answers color-coded by a green-red scale on the quiz's map according to % correct below.
 
Answer Stats
Answer % Correct
Albania
70%
Austria
70%
Argentina
60%
Australia
60%
Belarus
50%
Belgium
50%
Brazil
50%
Chile
50%
Bahamas
40%
Bolivia
40%
Canada
40%
Colombia
40%
Ecuador
40%
Madagascar
40%
Mexico
40%
Paraguay
40%
Peru
40%
Russia
40%
Suriname
40%
United States
40%
Uruguay
40%
Venezuela
40%
Zimbabwe
40%
Afganistan
30%
Algeria
30%
Angola
30%
Armenia
30%
Azerbaijan
30%
Benin
30%
Bosnia and Herzegovina
30%
Botswana
30%
Burkina Faso
30%
Cameroon
30%
Cape Verde
30%
Central African Republic
30%
Chad
30%
China
30%
Comoros
30%
Costa Rica
30%
Croatia
30%
Cuba
30%
Egypt
30%
Eritrea
30%
Ethiopia
30%
Federated States of Micronesia
30%
Fiji
30%
Gabon
30%
Guatemala
30%
Guyana
30%
Haiti
30%
Honduras
30%
India
30%
Indonesia
30%
Ivory Coast
30%
Kiribati
30%
Lesotho
30%
Liberia
30%
Malawi
30%
Mali
30%
Mauritania
30%
Mauritius
30%
Mongolia
30%
Morocco
30%
Mozambique
30%
Namibia
30%
Nicaragua
30%
Niger
30%
Nigeria
30%
Panama
30%
Papua New Guinea
30%
Sao Tome and Principe
30%
Seychelles
30%
Sierra Leone
30%
Somalia
30%
South Africa
30%
South Sudan
30%
Sudan
30%
Tanzania
30%
Togo
30%
Tunisia
30%
Zambia
30%
Bulgaria
20%
Burundi
20%
Czechia
20%
Democratic Republic of the Congo
20%
Denmark
20%
Djibouti
20%
Dominican Republic
20%
El Salvador
20%
Equatorial Guinea
20%
Eswatini
20%
France
20%
Germany
20%
Ghana
20%
Greece
20%
Guinea
20%
Guinea-Bissau
20%
Hungary
20%
Iceland
20%
Ireland
20%
Italy
20%
Jamaica
20%
Kazakstan
20%
Kenya
20%
Laos
20%
Libya
20%
Malaysia
20%
Maldives
20%
Marshall Islands
20%
Nauru
20%
Nepal
20%
New Zealand
20%
Oman
20%
Palau
20%
Philippines
20%
Rwanda
20%
Samoa
20%
Saudi Arabia
20%
Senegal
20%
Spain
20%
Sri Lanka
20%
Sweden
20%
Switzerland
20%
Taiwan
20%
Thailand
20%
Turkey
20%
Uganda
20%
Ukraine
20%
United Arab Emirates
20%
United Kingdom
20%
Uzbekistan
20%
Vietnam
20%
Yemen
20%
Andorra
10%
Bahrain
10%
Barbados
10%
Belize
10%
Bhutan
10%
Brunei
10%
Cambodia
10%
Cyprus
10%
Dominica
10%
East Timor
10%
Estonia
10%
Finland
10%
Gambia
10%
Georgia
10%
Grenada
10%
Iran
10%
Iraq
10%
Israel
10%
Japan
10%
Jordan
10%
Kosovo
10%
Kuwait
10%
Kyrgyzstan
10%
Latvia
10%
Lebanon
10%
Liechtenstein
10%
Lithhuania
10%
Luxembourg
10%
Malta
10%
Moldova
10%
Monaco
10%
Montenegro
10%
Myanmar
10%
Netherlands
10%
North Korea
10%
North Macedonia
10%
Norway
10%
Pakistan
10%
Poland
10%
Portugal
10%
Qatar
10%
Republic of the Congo
10%
Romania
10%
Saint Kitts and Nevis
10%
Saint Lucia
10%
Saint Vincent and the Grenadines
10%
San Marino
10%
Serbia
10%
Singapore
10%
Slovakia
10%
Slovenia
10%
South Korea
10%
Syria
10%
Tajikistan
10%
Tonga
10%
Trinidad and Tobago
10%
Turkmenistan
10%
Tuvalu
10%
Vanuatu
10%
Vatican City
10%
Antigua and Barbuda
0%
Bangledesh
0%
Soloman Islands
0%
No matching quizzes found
Score Distribution
Percent of People with Each Score
Percentile by Number Answered
Your Score History
You have not taken this quiz